|
|
|
|
| LEADER |
02076nam a2200493 a 4500 |
| 001 |
nkc20132441735 |
| 003 |
CZ PrNK |
| 005 |
20130514112023.0 |
| 007 |
ta |
| 008 |
130319s2013 xr e 000 0 cze |
| 015 |
|
|
|a cnb002441735
|
| 020 |
|
|
|a 978-80-7000-082-3
|q (Církev československá husitská ;
|q brož.)
|
| 035 |
|
|
|a (OCoLC)842344086
|
| 040 |
|
|
|a ABA001
|b cze
|
| 043 |
|
|
|a e-xr---
|
| 072 |
|
7 |
|a 32
|x Politika
|2 Konspekt
|9 15
|
| 080 |
|
|
|a 32:316.644
|2 MRF
|
| 080 |
|
|
|a 172.1/.2
|2 MRF
|
| 080 |
|
|
|a 321
|2 MRF
|
| 080 |
|
|
|a (437.3)
|2 MRF
|
| 080 |
|
|
|a (062.534)
|2 MRF
|
| 245 |
0 |
0 |
|a Masaryk a potřeba opravdovosti v českém myšlení :
|b sborník projevů pronesených na slavnostním setkání u příležitosti 162. výročí narození Tomáše Garrigua Masaryka v budově Poslanecké sněmovny Parlamentu České republiky /
|c [editoři Olga Nytrová, Markéta Hlasivcová, Václav Strachota]
|
| 250 |
|
|
|a Vyd. 1.
|
| 260 |
|
|
|a Praha :
|b Církev československá husitská ve spolupráci s Kulturní radou a LHODR (Dialog na cestě),
|c 2013
|
| 300 |
|
|
|a 40 s. ;
|c 21 cm
|
| 504 |
|
|
|a Obsahuje bibliografii a bibliografické odkazy
|
| 600 |
1 |
7 |
|a Masaryk, Tomáš Garrigue,
|d 1850-1937
|7 jk01080472
|2 czenas
|
| 650 |
0 |
7 |
|a politické názory a postoje
|7 ph137956
|2 czenas
|
| 650 |
0 |
7 |
|a politická etika
|7 ph124231
|2 czenas
|
| 650 |
0 |
7 |
|a filozofie politiky
|7 ph114545
|z Česko
|2 czenas
|
| 650 |
0 |
9 |
|a political views and attitudes
|2 eczenas
|
| 650 |
0 |
9 |
|a political ethics
|2 eczenas
|
| 650 |
0 |
9 |
|a philosophy of politics
|z Czechia
|2 eczenas
|
| 655 |
|
7 |
|a sborníky konferencí
|7 fd133333
|2 czenas
|
| 655 |
|
9 |
|a proceedings of conferences
|2 eczenas
|
| 700 |
1 |
|
|a Nytrová, Olga,
|d 1949-
|7 jk01090864
|4 edt
|
| 700 |
1 |
|
|a Hlasivcová, Markéta,
|d 1959-
|7 jo2002153330
|4 edt
|
| 700 |
1 |
|
|a Strachota, Václav,
|d 1952-
|7 jn20000402294
|4 edt
|
| 910 |
2 |
|
|a BOA001
|b 2-1302.574
|
| 928 |
9 |
|
|a Dialog na cestě
|
| 990 |
|
|
|a BK
|
| 995 |
|
|
|a 01
|
| 991 |
|
|
|b 201304
|c NOV
|e n
|
| 996 |
6 |
|
|b 2610543463
|c 2-1302.574
|l MZK
|r Sklad / do 1 hodiny
|n 1
|p p.v.
|w 001319829
|u 000010
|a 1
|e BOA001
|j MZK50
|s P
|